Music Quiz

Random Music or Song Quiz

Finish the Evanescence Lyrics Quiz Stats

Quiz not verified by Sporcle

Challenge
Share
Tweet
Embed
Score 0/15 Timer 08:00
1 Play Today
Lyrics Finishing lyric % Correct
How can you see into my eyes...Like open doors
96.6%
These wounds wont seem to heal...This pain is just too real
81.4%
Don't try to fix me...I'm not broken
81.1%
My God, my tourniquet...return to me salvation
77.2%
When all this time, I've been so hallow...inside
72.1%
But now I know she..never was and never will be
69.6%
Come to bed...Don't make me sleep alone
64.8%
You want me, Come find me...Make up your mind
62.3%
Lyrics Finishing lyric % Correct
Sweet rapture of light...it ends here tonight
60.7%
This truth, drives me...into madness
57.9%
You poor sweet innocent thing...dry your eyes and testify
57.8%
I believe in you, I'll give up everything just to find you
52.1%
Oh, how I long for the deep sleep dreaming...The goddess of imaginary light
50.5%
I long to be like you...Lie cold in the ground like you
48.9%
Drink up sweet decadence...I can't say no to you
43.4%

You're not logged in!

Compare scores with friends on all Sporcle quizzes.
Join for Free
OR
Log In

You Might Also Like...

Show Comments

Extras

Top Quizzes Today


Score Distribution

Your Account Isn't Verified!

In order to create a playlist on Sporcle, you need to verify the email address you used during registration. Go to your Sporcle Settings to finish the process.

Report this User

Report this user for behavior that violates our Community Guidelines.

Details: